LEADER 01467nam a2200301 a 4500 001 000000122652 003 CaOOAMICUS 005 20100820114840.0 008 100820t2010 it u000 u ita r 020 $a978-88-568-2239-7 040 $aPUL$bita$dReb 082 04$a194 100 1 $aRossi, Fabio.$0(OLS)http://pul/name/38575 245 10$aFigure del male e della sofferenza nella filosofia francese del Novecento /$cFabio Rossi. 260 $aMilano :$bFrancoAngeli,$c©2010. 300 $a168 p. ;$c23 cm. 490 1 $aDipartimento di Filosofia dell'Universitą degli Studi di Parma 500 $aIl volume č stato pubblicato con il contributo del Dipartimento di Filosofia dell'Universitą degli Studi di Parma. 504 $aInclude riferimenti bibliografici ed indice. 650 4$aFilosofia morale$zFrancia$ySec. XX.$0(OLS)http://pul/subject/37128 830 0$aDipartimento di Filosofia dell'Universitą degli Studi di Parma.$0(OLS)http://pul/title/154588 850 $aPUL 852 $aPUL$W1$xSL Filosofia 3$y81$m194 ROSFA 1$j140883$qDDC 21$B139963$CPULBib$Z2$F139963 $H114467 $82 941 1 $a9 996 $6020$a978-88-568-2239-7$9(OLS)http://pul/number/145083 996 $6082$a194$9(OLS)http://pul/classification/382 996 $6245$aFigure del male e della sofferenza nella filosofia francese del Novecento$9(OLS)http://pul/title/154587 996 $6260$aMilano :$bFrancoAngeli$9(OLS)http://pul/publisher/66898 LEADER 01207nam a2200301 u 4500 001 000000076990 003 CaOOAMICUS 005 20070226123254.0 008 040114s1998 it u000 u ita u 020 $a8807815079 035 $a10980896 040 $aPUL$bita 041 1 $aita$heng 100 1 $aLeader, Darian.$0(OLS)http://pul/name/51248 240 10$aPromises lovers make when it get's late.$lItaliano.$0(OLS)http://pul/title/100907 245 13$aLe promesse degli amanti /$cDarian Leader. 260 $aMilano :$bFeltrinelli,$c1998. 300 $a213 p. ;$c20 cm 490 1 $aUniversale economica ;$v1507 500 $aSul front.: "Traduzione di Serena Daniele". 650 4$aPsicologia$xAmore.$0(OLS)http://pul/subject/26813 830 0$aUniversale Economica ;$v1507.$0(OLS)http://pul/title/12276 850 $aPUL 852 $aPUL$W1$xSL Filosofia 3$y81$m152. 41 LEADA 1$j98867$nBK-PRI$qDDC 21$B98867$CPULBib$Z2$F98867 $H88332 $82 941 1 $a9 996 $6020$a8807815079$9(OLS)http://pul/number/100887 996 $6245$aLe promesse degli amanti$9(OLS)http://pul/title/100908 996 $6260$aMilano :$bFeltrinelli$9(OLS)http://pul/publisher/48846